000 004180000a22001690004500
003 MACL
005 20151229152746.0
008 151229b xxu||||| |||| 00| 0 eng d
040 _aMACL
_cMACL
041 _aEnglish
082 _a282/RAN
100 _aRanke, Leopold
_924072
245 _aThe History of the Popes
260 _bG. Bell & Sons
_c1913
_aLondon
650 _aReligion
_924073
942 _cBK
_k282/RAN
_2ddc
999 _c38534
_d38534